000 00783nam a2200241Ia 4500
003 OSt
005 20220923214155.0
006 a|||||r|||| 00| 0
007 ta
008 220922b |||||||| |||| 00| 0 hin d
024 _a167,638
037 _cTextual
040 _aARTS
_cARTS
_bhin
041 _2hin
_ahin
082 _aO152,1K17:g, J1
100 _aमिश्र, कृष्णबिहारी
245 0 _aमतिराम-गं्रथावली
_b परिचय भाग
246 _aMatirāma-ganrathāvalī: parichaya bhāga
260 _c1951
650 _aहिन्दी साहित्य
_9156264
942 _hO152,1K17:g, J1
_cTEXL
_2CC
999 _c322108
_d322108